000 00306nam a22001337a 4500
020 _a978-1405145305
041 _aENG
100 _aTamime.A.Y
245 _aMilk Processing And Quality Management
260 _aDelhi
_bWiley -Blackwell
_c2009
300 _a324
650 _aAPE
856 _uAPE ( 03 )
999 _c1665
_d1665